[Event "COL-chT Interclubes"]
[Site "Colombia"]
[Date "2012.??.??"]
[Round "4.2"]
[White "Rubio, Andres"]
[Black "Conti, Julian"]
[Result "0-1"]
[WhiteElo "1974"]
[BlackElo "2034"]
[PlyCount "156"]
[EventDate "2012.11.23"]
[EventType "tourn"]
[EventRounds "7"]
[EventCountry "COL"]
[SourceTitle "EXT 2024"]
[Source "ChessBase"]
[SourceDate "2023.10.10"]
[SourceVersion "1"]
[SourceVersionDate "2023.10.10"]
[SourceQuality "1"]

1. e4 e5 2. Nf3 Nc6 3. Bb5 a6 4. Bxc6 dxc6 5. 0-0 f6 6. d4 exd4 7. Nxd4 c5 8. Nb3 Qxd1 9. Rxd1 Bg4 10. f3 Be6 11. Bf4 Bxb3 12. axb3 Bd6 13. Bg3 0-0-0 14. Nc3 Ne7 15. Na4 Bxg3 16. hxg3 b6 17. Kf2 Rxd1 18. Rxd1 Rd8 19. Nc3 Rxd1 20. Nxd1 Nc6 21. c3 Na5 22. Ke3 Nxb3 23. e5 Kd7 24. exf6 gxf6 25. f4 f5 26. Nf2 c4 27. g4 Ke6 28. gxf5+ Kxf5 29. g4+ Ke6 30. g5 Nc5 31. Ng4 Na4 32. Ke4 Nxb2 33. f5+ Kd6 34. Nf6 Na4 35. Nxh7 Nxc3+ 36. Kd4 Nd5 37. f6 c5+ 38. Ke4 Ke6 39. Nf8+ Kf7 40. Nd7 c3 41. Ne5+ Ke6 42. f7 Ke7 43. Kxd5 c2 44. Nd3 Kxf7 45. Kc4 Kg6 46. Kc3 Kxg5 47. Kxc2 Kf5 48. Kc3 Ke4 49. Nb2 Kd5 50. Nd3 b5 51. Nf4+ Kd6 52. Nd3 a5 53. Nf4 c4 54. Ne2 Kc5 55. Nf4 b4+ 56. Kc2 a4 57. Ne6+ Kd5 58. Nc7+ Kd4 59. Nb5+ Kc5 60. Nc7 a3 61. Ne6+ Kd5 62. Nc7+ Kd4 63. Ne6+ Kd5 64. Nf4+ Kc6 65. Ne2 Kc5 66. Nc1 Kb5 67. Ne2 Ka4 68. Nd4 Ka5 69. Nc6+ Kb5 70. Nd4+ Kc5 71. Ne6+ Kd5 72. Nf4+ Ke4 73. Ne6 Ke3 74. Nc5 Ke2 75. Na6 b3+ 76. Kc3 Kd1 77. Nb4 b2 78. Kxc4 a2 0-1